| 000 | 00494nam a22001817a 4500 | ||
|---|---|---|---|
| 005 | 20251108170742.0 | ||
| 008 | 250721s1999 xx 000 0 ara d | ||
| 082 | 1 | 4 | _a614.44/زيد |
| 100 | 1 | _aزيدان، حسان | |
| 245 | 1 | 0 | _aالإسعافات الأولية لحوداث الطرق / |
| 264 | _c1999. | ||
| 300 | _a190ص | ||
| 650 | 1 | 7 | _aالإسعاف الأولي |
| 650 | 1 | 7 | _aإجراءات السلامة |
| 650 | 1 | 7 | _aالحوادث |
| 942 |
_2ddc _cBK |
||
| 999 |
_c48161 _d48161 |
||